| 000 | 01062nam a22002537a 4500 | ||
|---|---|---|---|
| 005 | 20170601101510.0 | ||
| 010 | _a1516ENO7 ENG-114569 | ||
| 020 |
_a9789350716434 _c475.00 |
||
| 035 | _aEN-98101 | ||
| 035 | _aB-606648-674 | ||
| 035 | _aB-666068 | ||
| 037 |
_adpl _bVariety/Ven |
||
| 037 | _bDBAD/PUB | ||
| 082 | _a657.48 | ||
| 100 | _aAhuja, Narender L. | ||
| 245 |
_aTaxmann's financial accounting & analysis / _cby Narender L.Ahuja [and] Varun Dawar |
||
| 260 |
_aNew Delhi _bTaxmann Publications _c2015 |
||
| 270 |
_a59/32,New Rohtak Road, _bNew Delhi _e110005 _k+91-11-45562222 _l- _m- |
||
| 300 |
_aI-22,519p. _c24cm(pbk) |
||
| 700 | _aDawar,Varun | ||
| 942 |
_2ddc _cEN _mAHU _h657.48 |
||
| 999 |
_c96005 _d96005 |
||